| 000 | 01023nam a2200241 i 4500 | ||
|---|---|---|---|
| 001 | bg | ||
| 245 | 0 | 0 |
_aProblemy jakościowe, energetyczne i eksploatacyjne w maszynach cieplnych : _bII Konferencja Naukowo-Techniczna, Bydgoszcz-Duszniki Zdrój 2-5 września 2004 r. / _cAkademia Techniczno-Rolnicza. Wydział Mechaniczny. Katedra Techniki Cieplnej i Metrologii, Koło Uczelniane SIMP. |
| 260 |
_aBydgoszcz : _bWydawnictwa Uczelniane Akademii Techniczno-Rolniczej, _c2004. |
||
| 300 |
_a165 s. : _bil. ; _c24 cm. |
||
| 500 | _aTekst częściowo ros., streszcz. ang. przy ref. | ||
| 504 | _aBibliogr. przy ref. | ||
| 650 | 9 | _aMaszyny cieplne | |
| 655 | _aMateriały konferencyjne | ||
| 710 | 0 |
_aAkademia Techniczno-Rolnicza _bWydział Mechaniczny |
|
| 710 | 0 |
_aAkademia Techniczno-Rolnicza _bKoło Uczelniane SIMP |
|
| 020 | _a8389334364 | ||
| 040 | _cBPK | ||
| 041 | 1 |
_apolrus _beng |
|
| 080 | _a621.1.01:536.7:621.4](061) | ||
| 920 | _a83-89334-36-4 | ||
| 942 | _cKS | ||
| 008 | s pl f |000 0 pol | ||
| 999 |
_c45682 _d45682 |
||
| 856 |
_uhttp://koha.tu.koszalin.pl/cgi-bin/koha/opac-detail.pl?biblionumber=45682 _yKatalog online BPK |
||